Revista Civilizar de Empresa y Economa̕

Detalles Bibliográficos
Formato: eBook
Lenguaje:español
Publicado: Bogot ̀: Universidad Sergio Arboleda, 2012 -
Materias:
Acceso en línea:Acceso restringido

MARC

LEADER 00000nam a22000007a 4500
005 20160105180557.0
007 cr|||| ||||
008 160105c20129999co |||| s|||| 0|||b1spa d
022 |a 2145-6194 
035 |a 13002 
040 |a vLex 
090 |c 5767  |d 5767 
245 0 0 |a Revista Civilizar de Empresa y Economa̕  |h [Recurso electrn̤ico]  
256 |a Servicio en ln̕ea 
260 |a Bogot ̀:  |b Universidad Sergio Arboleda,  |c 2012 - 
300 |a 1 recurso electrn̤ico 
310 |a Semestral 
362 |a Nm︢. 1 (2012) -  
506 1 |a Contenido disponible en los productos indicados  |d vLex Global  |d vLex Global (Academic Edition, excluding Law Schools)  |d vLex Global (U.S. Academic Edition, Law Schools)  |d vLex Global (U.S. Academic Edition, excluding Law Schools)  |d vLex Global (Academic Edition, Law Schools) 
650 0 4 |a Economia  |z Colombia 
650 0 4 |a Empresas  |z Colombia 
740 0 |a vLex Revistas (Servicio en ln̕ea) 
856 4 0 |u http://vlex.com/source/revista-civilizar-empresa-economia-13002  |z Acceso restringido 
942 |c REV 
999 0 |a Economics 
999 0 |a Business enterprises